01363nam a2200325Ia 4500001001200000003000800012006001900020007001500039008004100054010001700095020004300112040002100155035002100176050002900197100002900226245014600255260006100401300001500462504006600477533015200543650002000695650003700715650003600752650004200788650002000830655002900850710001700879856012600896999001501022ebr10275480CaPaEBRm u cr cn|||||||||080220s2009 nju sb 001 0 eng d z 2008007762 z9780813544113 (hardcover : alk. paper) aCaPaEBRcCaPaEBR a(OCoLC)31159339514aQC981.8.G56bM876 2009eb1 aMusil, Robert K.,d1943-10aHope for a heated planeth[electronic resource] :bhow Americans are fighting global warming and building a better future /cRobert K. Musil. aNew Brunswick, N.J. :bRutgers University Press,cc2009. axi, 264 p. aIncludes bibliographical references (p. [225]-248) and index. aElectronic reproduction.bPalo Alto, Calif. :cebrary,d2009.nAvailable via World Wide Web.nAccess may be limited to ebrary affiliated libraries. 0aGlobal warming. 0aClimatic changeszUnited States. 0aGlobal warmingxHealth aspects. 0aCarbon dioxidexPhysiological effect. 0aGreen movement. 7aElectronic books.2local2 aebrary, Inc.40uhttp://site.ebrary.com/lib/rucke/Doc?id=10275480zAn electronic book accessible through the World Wide Web; click to view c5967d5967